00943nam a22002777a 450000500170000001000130001702000100003003500130004003700160005304000120006908200130008124501120009425000120020626000390021827000350025730000340029250000490032665000190037565000250039470000260041970000290044570000250047494200220049999900190052195201250054020170124110222.0 aB-045705 c00.00 aB-045705 bCen Lib/Ret aDPLbEN a616bREC aRecent advances in medicine :bbeaumont and dodds /cedited by D.N. Baron;Nigel Compston [and] A.M. Dawson a14th ed aLondonbJ.& A. Churchill Ltdc1964 a104, Gloucester Place bLondon aviii,440p. :c23cm(pbk)bill. aIncludes bibliographical reference and index aMedicine93881 aTherapeutics9105704 aBaron, D.N. 9105705 aCompston, Nigel 9105706 aDawson, A.M. 940010 2ddccENh616mREC c134179d134179 001040718REFaLbLd2015-07-29eCen Lib/Retg0.00l0o616 RECpB-045705r2015-07-29 00:00:00t1v0.00w2015-07-29yEN